[Event "Rubinstein Memorial 37th"]
[Site "Polanica Zdroj"]
[Date "2000.08.23"]
[Round "6"]
[White "Shirov, Alexei"]
[Black "Gelfand, Boris"]
[Result "0-1"]
[WhiteElo "2746"]
[BlackElo "2681"]
[Annotator "Ftacnik,L"]
[PlyCount "56"]
[EventDate "2000.08.17"]
[EventType "tourn"]
[EventRounds "9"]
[EventCountry "POL"]
[EventCategory "17"]
[SourceTitle "CBM 079"]
[Source "ChessBase"]
[SourceDate "2000.11.21"]
[SourceVersion "1"]
[SourceVersionDate "2000.11.21"]
[SourceQuality "1"]

1. e4 c5 2. Nf3 d6 3. Bb5+ Bd7 4. Bxd7+ Qxd7 5. c4 Nf6 6. Nc3 Nc6 7. d4 cxd4 8.
Nxd4 g6 9. f3 Bg7 10. Be3 O-O 11. O-O Qd8 12. Nde2 Qa5 13. Rc1 (13. a3 Rfc8 14.
b4 $6 Qd8 {xc4}) 13... a6 14. Nf4 (14. Qd2 b5 $11) 14... Nd7 (14... b5 $2 15.
cxb5 axb5 16. Ncd5 $1 $16) 15. a3 e6 $5 {Very logical approach, but black has
to find courage to sacrifice a pawn on positional grounds.} (15... Rfc8) 16.
Qxd6 $6 (16. Rf2 Rfd8 17. Rd2 Nce5 18. Nb1 $14) 16... Nde5 17. Qc5 (17. b3 Rfd8
18. Qc5 Qxc5 19. Bxc5 Na5 $1 20. Bb6 (20. Rb1 Nd3 21. Nxd3 Rxd3 22. Ne2 Rxb3
$15) 20... Nxb3 21. Bxd8 Nxc1 $15) (17. Nce2 Rfd8 18. Qc5 Qxc5 19. Bxc5 g5 20.
Nh5 Nd3 21. Nxg7 Kxg7 22. Be3 Nxc1 23. Rxc1 Kg6 $17) 17... Rfc8 $1 18. Nce2 (
18. Qxa5 Nxa5 19. c5 Nac4 20. Bf2 (20. Nd1 Nxe3 21. Nxe3 Bh6 22. g3 Nd3 23. Rc2
Nxf4 24. gxf4 Bxf4 $15) 20... Nxb2 21. Rc2 Nbc4 $15) (18. Rfd1 Qxc5 19. Bxc5
Nxc4 20. Na4 (20. Rc2 N6a5 21. Nd3 b5 $17) 20... Nxb2 (20... b5 21. b3) 21.
Nxb2 Bxb2 22. Rc2 Be5 $17) 18... Qa4 (18... Qxc5 19. Bxc5 Na5 20. Bf2 (20. Bd4
$6 Nb3 21. Bxe5 Nxc1 22. Bxg7 Nxe2+ 23. Nxe2 Kxg7 $17) 20... Nexc4 21. b4 Nb3
22. Rcd1 Ncd2 23. Rfe1 Rc2 $15) 19. Bf2 (19. Nc3 Qb3 (19... Qa5) 20. Nd1 Na7 (
20... Nd4 $2 21. Qxd4 Nxf3+ 22. Rxf3 Bxd4 23. Bxd4 Qa4 24. Ne3 $14) 21. Qb6
Qxb6 22. Bxb6 Bh6 23. g3 Rxc4 $15) 19... Bf8 20. Qe3 (20. Qb6 Nxc4 21. b3 (21.
Qxb7 $2 N6a5 $17) 21... Nxb6 22. bxa4 Nxa4 $17) 20... Nxc4 21. Qc3 (21. Qd3
Nxb2 $19) 21... N6a5 22. Nd4 $6 {[%mdl 64] Shirov realized, that his position
is not good, so he tries to get counterplay in counterattack.} (22. Qc2 Qe8 $1
(22... Qb5 $6 23. b4 $1 Nxa3 (23... Ne3 $2 24. Qxc8 Rxc8 25. Rxc8 Nxf1 26. Bc5
Nd2 27. Bxf8 Qd7 28. Ra8 Nc6 29. Bh6+ Nd8 30. Bg5 $18) 24. Qxc8 Rxc8 25. Rxc8
Nb3 (25... Qxb4 26. Nd3 Qd2 27. Bc5 $18) 26. Rd1 Kg7 27. Rc7 $14) 23. Nc3 Bh6
24. g3 Rc6 $17) 22... e5 23. Nd5 (23. b3 exd4 24. Qxc4 Qxc4 25. bxc4 Bxa3 $19)
23... exd4 24. Bxd4 (24. Nf6+ Kh8 25. Bxd4 (25. Qxd4 Nb3 26. Qc3 Bg7 $19) 25...
Ne5 26. Qe3 Nac6 27. Bc3 Bg7 $19) 24... Ne5 $1 25. Qe3 (25. Ne7+ Bxe7 26. Qxc8+
Rxc8 27. Rxc8+ Bf8 28. Bxe5 Qd7 $19) 25... Rxc1 26. Rxc1 (26. Nf6+ Kh8 27. Rxc1
Nac6 $19) 26... Bg7 $1 {The refutation of white's activity lays in
vulnerability of a7-g1 diagonal.} 27. b4 Nac6 28. Bxe5 (28. Nb6 Nxf3+ 29. gxf3
Bxd4 30. Qxd4 Nxd4 31. Nxa4 Ne2+ $19) 28... Bxe5 (28... Bxe5 29. Nb6 Bd4 $1 (
29... Qb5 30. Rxc6 Rd8 31. Rc4 (31. Rc8 Rxc8 32. Nxc8 Qd7 33. Qc1 Bc7 $19)
31... Rd1+ 32. Kf2 Bxh2 33. a4 $15) 30. Qxd4 Nxd4 31. Nxa4 Ne2+ 32. Kf1 Nxc1
$19) 0-1

[Event "Veterans-Women"]
[Site "Monte Carlo"]
[Date "1994.??.??"]
[Round "8"]
[White "Smyslov, Vassily V"]
[Black "Ioseliani, Nana"]
[Result "1-0"]
[WhiteElo "2530"]
[BlackElo "2435"]
[Annotator "Ftacnik,L"]
[PlyCount "58"]
[EventDate "1994.06.??"]
[EventType "schev"]
[EventRounds "6"]
[EventCountry "MNC"]
[SourceTitle "CBM 042"]
[Source "ChessBase"]
[SourceDate "1994.10.01"]
[SourceVersion "1"]
[SourceVersionDate "1994.10.01"]
[SourceQuality "1"]

1. e4 c5 2. Nf3 d6 3. Bb5+ Bd7 4. Bxd7+ Nxd7 (4... Qxd7 5. c4 Nc6) 5. O-O Ngf6
6. Qe2 e6 7. c4 Be7 8. b3 O-O 9. Bb2 Re8 10. Nc3 a6 11. Kh1 Qc7 12. Rae1 Bf8
13. Ng5 h6 14. Nh3 Ne5 15. f4 Nc6 16. g4 $1 g6 17. Qg2 (17. g5 Nd7) 17... Bg7
18. g5 hxg5 19. Nxg5 Nd4 20. e5 Nh7 21. Nxh7 Kxh7 22. Ne4 dxe5 (22... Nf5 23.
exd6 Nxd6 24. Nf6+ Bxf6 25. Bxf6 Nf5 26. Qh3+ Nh6 27. Re3 Qc6+ 28. Kg1 e5 $2
29. Qxh6+ $1 Kxh6 30. Rh3#) 23. fxe5 Nf5 (23... Bxe5 24. Rxf7+ Qxf7 25. Ng5+
$18) 24. Nf6+ Bxf6 25. exf6 Kg8 (25... Rh8 26. Rxf5 $1 exf5 27. Re7 Qc6 28.
Rxf7+ Kh6 29. Rxb7 Qxg2+ 30. Kxg2 Rab8 31. Re7 $16) 26. Be5 Qd7 $2 (26... Qc6
27. Qxc6 bxc6 28. Bc3 e5 $1 29. Bxe5 Re6 30. Bb2 Rae8 31. Rxe6 Rxe6 32. Kg2 $16
) 27. Qg5 Rad8 (27... Qd3 28. Rxf5 Qxf5 29. Qh6 Qf3+ 30. Kg1 Qg4+ 31. Kf2 Qf5+
32. Kg2 Qd3 33. Re3 $18) 28. Rxf5 Qxd2 29. Qxd2 Rxd2 1-0

[Event "Amsterdam Euwe Memorial"]
[Site "Amsterdam"]
[Date "1994.05.19"]
[Round "6"]
[White "Timman, Jan H"]
[Black "Ivanchuk, Vassily"]
[Result "1-0"]
[WhiteElo "2620"]
[BlackElo "2710"]
[Annotator "Ftacnik,L"]
[PlyCount "103"]
[EventDate "1994.05.12"]
[EventType "tourn"]
[EventRounds "6"]
[EventCountry "NED"]
[EventCategory "18"]
[SourceTitle "CBM 041"]
[Source "ChessBase"]
[SourceDate "1994.08.01"]
[SourceVersion "1"]
[SourceVersionDate "1994.08.01"]
[SourceQuality "1"]

1. e4 c5 2. Nf3 d6 3. Bb5+ Bd7 4. Qe2 Nf6 (4... Nc6) (4... Bxb5 5. Qxb5+ Qd7)
5. Bxd7+ (5. e5 dxe5 6. Nxe5 Bxb5 7. Qxb5+ Nbd7 $10) 5... Qxd7 6. e5 dxe5 7.
Nxe5 Qe6 8. Na3 Nfd7 9. Nac4 Nxe5 10. Nxe5 f6 11. Nc4 Qxe2+ 12. Kxe2 Nc6 13. c3
e5 (13... b5 $5 14. Ne3 O-O-O 15. d3 e6 $10) 14. a4 Be7 15. d3 O-O-O 16. Be3 b6
17. f3 Rd7 18. g4 Rhd8 19. Rhd1 Bf8 20. h4 Ne7 21. a5 Kb7 $2 (21... b5 $1 22.
Na3 b4 23. Nc4 Nd5 $10) 22. axb6 axb6 23. Ra3 Nd5 24. Rda1 Be7 25. h5 g6 $6 (
25... Kc6 $14) 26. Ra7+ Kc6 27. Rxd7 Rxd7 28. hxg6 hxg6 29. g5 $1 b5 (29...
Nf4+ 30. Bxf4 exf4 31. Ra6 Rb7 32. Ra8 $16) 30. gxf6 Bxf6 (30... bxc4 31. fxe7
cxd3+ 32. Kxd3 $16) 31. Na5+ Kb6 32. Nb3 Nxe3 (32... Be7 $2 33. Bxc5+ $1 Bxc5
34. Ra6+ $18) 33. Kxe3 c4 $6 (33... Rh7 34. Rg1 Rh6 35. Nd2 $16) (33... Bg5+ $1
34. Ke4 Rf7 35. Rg1 Rf5 (35... Rf4+ $5 36. Kxe5 Rf5+) 36. Kd5 $1 (36. Rg4 c4 $1
) 36... e4+ 37. Kxe4 Rf4+ 38. Kd5 (38. Ke3 $2 Rg4+ 39. Kf2 Be3+ $17) 38... Rf5+
39. Ke6 Rf6+ 40. Kd7 Rf7+ 41. Ke8 Rf5 $16) 34. Ra6+ $1 Kxa6 35. Nc5+ Ka5 36.
Nxd7 Bg5+ 37. Ke4 Bc1 38. dxc4 Bxb2 (38... bxc4 39. Nxe5 Kb5 40. Kd4 $1 Bxb2
41. Nxg6 $18) 39. c5 $1 (39. Kd3 b4 $1) 39... Bxc3 40. c6 Ka6 41. Kd5 Ba5 (
41... b4 $2 42. Kd6 b3 43. c7 Kb7 44. Nb6 $18) (41... Ka7 $5 42. Kc5 g5 (42...
b4 43. Kd6) 43. Kxb5 e4 44. fxe4 g4 45. c7 $1 Kb7 46. Nb6 Kxc7 47. Nd5+ Kd6 48.
Nxc3 Ke5 49. Kc4 g3 50. Kd3 g2 51. Ne2 $18) 42. Nc5+ Ka7 43. Kd6 Kb8 (43... b4
44. c7 Bxc7+ 45. Kxc7 g5 46. Kc6 e4 47. Nxe4 $18) 44. Kd7 g5 45. Nd3 $1 (45.
Na6+ $6 Ka7 46. c7 Bxc7 47. Nxc7 b4) 45... b4 (45... e4 46. fxe4 g4 47. e5 g3
48. Nf4 Bc7 49. e6 $1 Bxf4 50. e7 $18) (45... Bc7 46. Nb4 Ba5 (46... Bb6 47.
Nd5 Ba5 48. c7+ Bxc7 49. Nxc7 e4 50. fxe4 g4 51. e5 g3 52. e6 g2 53. e7 g1=Q
54. e8=Q+ Ka7 55. Qa8+ Kb6 56. Qb8+ Kc5 57. Qa7+ $18) 47. Nd5 Ka7 48. c7 Bxc7
49. Kxc7 e4 50. fxe4 g4 51. e5 g3 52. Ne3 $18) 46. Nxb4 e4 47. fxe4 g4 48. Na6+
$1 (48. Nd3 $2 g3 49. Nf4 Bc7) 48... Ka7 49. c7 Bxc7 50. Nxc7 g3 51. Nb5+ Kb6
52. Nd4 1-0

[Event "Pamplona"]
[Site "Pamplona"]
[Date "2003.12.27"]
[Round "6"]
[White "Sutovsky, Emil"]
[Black "Karjakin, Sergey"]
[Result "1-0"]
[WhiteElo "2646"]
[BlackElo "2562"]
[Annotator "Ftacnik,L"]
[PlyCount "99"]
[EventDate "2003.12.20"]
[EventType "tourn"]
[EventRounds "7"]
[EventCountry "ESP"]
[EventCategory "15"]
[SourceTitle "CBM 099"]
[Source "ChessBase"]
[SourceDate "2004.03.30"]
[SourceVersion "1"]
[SourceVersionDate "2004.03.30"]
[SourceQuality "1"]

1. e4 c5 2. Nf3 d6 3. Bb5+ Bd7 4. Bxd7+ Qxd7 5. O-O Nf6 6. e5 dxe5 7. Nxe5 Qc8
8. Qf3 e6 9. d3 (9. Nc3 Be7 10. d3 Nbd7 (10... O-O 11. Bf4 Nc6 12. Rfe1 Nb4 13.
Re2 Nd7 14. Qg3 Nxe5 15. Bxe5 f6 16. Bd6 Bxd6 17. Qxd6 Rd8 18. Qg3 Nc6 19. Ne4
Nd4 20. Rd2 Kh8 {0-1 Hauchard,A-Neverov,V/Bucharest 1993/ (50)}) 11. Nc4 (11.
Bf4 Nxe5 12. Bxe5 O-O 13. Rfe1 Qd7 14. Rad1 Rac8 15. h4 Qc6 16. Ne4 Nxe4 17.
dxe4 f6 18. Bc3 Rfd8 19. h5 b5 {1/2-1/2 Hug,W-Savon,V/Petropolis 1973/ (28)})
11... Nb6 (11... O-O 12. Bf4 Nb6 13. Nd6 Bxd6 14. Bxd6 Re8 15. Rfe1 Nbd5 16.
Ne4 Nxe4 17. dxe4 Nb4 18. Re2 Qc6 19. Qg3 f6 20. c3 Na6 21. e5 {1-0 Nevednichy,
V-Nikolaidis,I/Istanbul 2003/ (28)}) 12. Na5 Nbd5 13. Nxd5 Nxd5 14. c4 Nb4 15.
Qxb7 Qxb7 16. Nxb7 a5 17. Bd2 Ra7 18. Nxa5 Rxa5 19. a3 Nc6 20. Bxa5 Nxa5 21. b4
Nc6 22. Rfb1 Kd7 23. bxc5 Kc7 {0-1 Degraeve,J-Naiditsch,A/Belgium 2003/ (39)})
9... Nbd7 10. Nc4 Nb6 (10... b5 11. Na5 Bd6 12. a4 $14) 11. Bf4 Nfd5 (11...
Nxc4 12. dxc4 Be7 13. Nc3 O-O 14. Rad1 $14) 12. Be5 Qc6 (12... f6 13. Bg3 Be7
14. Nxb6 Nxb6 15. Re1 $14) 13. Na5 Qd7 (13... Qb5 14. Nxb7 Nc8 15. c4 Qxb7 16.
cxd5 Qxd5 17. Qg3 $14) 14. Na3 f6 15. Bg3 Be7 (15... h5 16. c4 h4 17. cxd5 hxg3
18. dxe6 gxh2+ 19. Kh1 $14) 16. c4 $1 {[%mdl 4] Sutovsky is not afraid to play
original positions, usually he solves them very well in strategical sense.} Nb4
17. Nb5 O-O (17... e5 18. Qxb7 Qxb7 19. Nxb7 Kd7 20. f4 Nxd3 21. b3 a6 22. Nc3
$36) 18. Qxb7 Qxb7 19. Nxb7 e5 (19... Nxd3 20. b3 e5 21. Rad1 $14) 20. Na5 a6
21. Nc3 Nxd3 22. Nc6 Kf7 23. b3 Rac8 24. Nxe7 Kxe7 25. f4 $1 {The position has
to be opened to give white a chance to access opponent's weak spots.} exf4 (
25... Rcd8 26. fxe5 Nxe5 27. Rae1 $14) 26. Bxf4 Rfd8 (26... Nxf4 27. Rxf4 Rfe8
28. Kf2 $14) 27. Bg3 a5 $6 (27... Rd7 28. Rf3 Rcd8 29. Rd1 Nb4 30. Re1+ $14)
28. Nb5 Rd7 29. Rf3 Rc6 (29... Rcd8 $2 30. Bc7 $16) 30. Re3+ Kd8 31. Bd6 $5 {
Due to the wrong 27th black's move white can even effort such a daring move.} (
31. Rd1 Ne5 32. Rde1 Re6 33. Bxe5 fxe5 34. Rxe5 Rxe5 35. Rxe5 Rd2 36. Rxc5 Rxa2
37. Rh5 $16) 31... Ne5 (31... Nc8 32. Rxd3 Nxd6 33. Rad1 Ke7 34. g4 Ke6 35. a3
Rd8 36. h4 $16) (31... Nb4 32. Rae1 $18) 32. Bxe5 fxe5 33. Rxe5 Re7 (33... a4
34. Rae1 Kc8 35. Re8+ Kb7 36. R1e7 $16) 34. Rd1+ Ke8 (34... Nd7 35. Rh5 g6 36.
Rhd5 $18) 35. Rf5 (35. Rd6 $5 Rxe5 (35... Rxd6 36. Nxd6+ Kd7 37. Rxe7+ Kxe7 38.
Nb7 $18) 36. Rxc6 Nd7 37. Ra6 $18) 35... Ree6 (35... Re2 36. Nc3 Re3 37. Nd5
Nxd5 38. Rdxd5 Re1+ 39. Kf2 Ra1 40. Rde5+ Kd8 41. Re2 $18) 36. Rdf1 Nd7 37. Nc3
Nf6 (37... Re3 38. Nd5 Re2 39. Rf7 $16) 38. Nd5 Kf7 (38... Re2 39. R5f2 (39.
Nxf6+ Rxf6 40. Rxf6 gxf6 41. Rf5 Rxa2 42. Rxc5 Ra3 43. Kf2 Kd7 44. Ke2 Rxb3 45.
Rxa5 Rb2+ 46. Kf3 $16) 39... Rxf2 40. Rxf2 Nxd5 41. cxd5 Rc8 42. Rf4 Rd8 43.
Ra4 Rxd5 44. Rxa5 $16) 39. g4 $1 {White's initiative is enhanced by the
excellent location of pieces and presence of a spare pawn.} h6 (39... g6 40.
Rxf6+ Rxf6 41. Rxf6+ Rxf6 42. Nxf6 Kxf6 43. Kf2 $18) 40. h4 Kg8 41. g5 hxg5 42.
hxg5 Ne4 (42... Nh7 43. Nf4 Re4 44. Kg2 $18) (42... Nd7 43. Rf7 $18) 43. Kg2
Kh7 (43... Rc8 44. Nf4 Ree8 45. g6 $18) 44. Nf4 Red6 45. Re5 Nd2 46. Rh1+ Kg8
47. Re8+ Kf7 48. Rhh8 g6 49. Nd5 Rd7 50. Ref8+ 1-0

[Event "PCA-Wch Candidates sf2"]
[Site "Linares"]
[Date "1994.??.??"]
[Round "7"]
[White "Anand, Viswanathan"]
[Black "Adams, Michael"]
[Result "1/2-1/2"]
[WhiteElo "2720"]
[BlackElo "2640"]
[Annotator "Ftacnik,L"]
[PlyCount "37"]
[EventDate "1994.09.??"]
[EventType "match"]
[EventRounds "7"]
[EventCountry "ESP"]
[SourceTitle "CBM 043"]
[Source "ChessBase"]
[SourceDate "1994.12.01"]
[SourceVersion "1"]
[SourceVersionDate "1994.12.01"]
[SourceQuality "1"]

1. e4 c5 2. Nf3 d6 3. Bb5+ Bd7 4. Bxd7+ Qxd7 5. O-O Nc6 6. c4 Ne5 7. d3 g6 (
7... e6 8. Nc3 Ne7 9. a3 N7c6 10. Rb1 Be7 11. Be3 O-O $10 {Shabanov-Rashkovsky/
URS/1974/}) 8. Nxe5 dxe5 9. Be3 e6 10. Nc3 Bd6 (10... O-O-O 11. Qf3 f6 12. Rfd1
$14) 11. Qf3 $1 f6 (11... Ne7 12. Qf6 $1 $36) 12. a3 Kf7 13. Rab1 Kg7 14. b4 b6
15. bxc5 bxc5 16. Rb5 a6 17. Rb6 Ne7 18. Rfb1 Rhb8 $2 (18... Rhc8 19. Qd1 $14)
(18... Ra7 19. Qd1 $14 {/\ Na4}) 19. Rxb8 (19. Rxb8 Rxb8 20. Rxb8 Bxb8 21. Bxc5
Bd6 22. Qe3 $1 $16 (22. Bb4 Bxb4 23. axb4 Qd4 24. Nd1 Qa1 $1 $132)) 1/2-1/2

[Event "RUS-CHN Summit Men 4th"]
[Site "Nizhnij Novgorod"]
[Date "2007.08.23"]
[Round "4"]
[White "Ni, Hua"]
[Black "Timofeev, Artyom"]
[Result "0-1"]
[WhiteElo "2681"]
[BlackElo "2650"]
[Annotator "Ftacnik,L"]
[PlyCount "98"]
[EventDate "2007.08.20"]
[EventType "schev"]
[EventRounds "10"]
[EventCountry "RUS"]
[SourceTitle "CBM 120"]
[Source "ChessBase"]
[SourceDate "2007.10.02"]
[SourceVersion "1"]
[SourceVersionDate "2007.10.02"]
[SourceQuality "1"]

1. e4 c5 2. Nf3 d6 3. Bb5+ Bd7 4. Bxd7+ Nxd7 5. O-O Ngf6 6. Qe2 e6 7. b3 Be7 8.
Bb2 O-O 9. c4 a6 10. d4 cxd4 11. Nxd4 Rc8 12. Nc3 Qa5 13. Rac1 {The set up
chosen by White is well known. Despite the harmony and good cooperation of his
forces he finds it difficult to aspire for an advantage against the flexible
defense of the opponent.} Rfe8 14. Kh1 Bf8 15. f4 g6 (15... e5 16. fxe5 Qxe5
17. Nf5 Nxe4 18. Qf3 Nef6 19. Rb1 g6 20. Nd5 Qxf5 21. Qxf5 gxf5 22. Bxf6 $14)
16. e5 $6 {Timofeev seemes to have failed in preventing his opponent realizing
his positional dream of advancing the e pawn.} dxe5 (16... Nh5 17. Nf3 Nxf4 18.
Qd2 Nh5 19. g4 Ng7 20. exd6 f5 $13) 17. fxe5 Qxe5 $5 (17... Nh5 18. g4 Ng7 (
18... Bh6 19. gxh5 Bxc1 20. Rxc1 Qxe5 21. hxg6 hxg6 22. Qxe5 Nxe5 23. Ne4 $16)
19. Ne4 $16) 18. Qxe5 Nxe5 19. Rxf6 Nd3 20. Rb1 (20. Rcf1 Bg7 21. Ba3 Red8 22.
Nde2 Bxf6 23. Rxf6 b5 24. cxb5 axb5 25. Nxb5 Rc2 26. Nec3 Nf2+ 27. Kg1 Rdd2 28.
h3 Nd3 $17) 20... Nxb2 21. Rxb2 Bg7 22. Ne4 {Ni Hua has begun to understand
the depth of the enemy's piece sacrifice and offered a draw. Black has bravely
turned him down, since his ambitions were already aiming much higher.} (22.
Rbf2 Bxf6 23. Rxf6 b5 $17) (22. Rbf2 Bxf6 23. Rxf6 b5 $17) 22... Red8 23. Rd2
b5 24. Nf3 (24. c5 Bxf6 25. Nxf6+ Kg7 26. Nd7 (26. Ne4 e5 27. Nf3 Rxd2 28.
Nexd2 Rxc5 $19) 26... Rc7 27. c6 Rdxd7 28. Nxe6+ Kh6 (28... Kf6 29. Rxd7 Rxc6
30. Rxf7+ Kxe6 31. Rf1 Rc2 $17) 29. Rxd7 Rxc6 30. Kg1 fxe6 $17) 24... bxc4 25.
bxc4 (25. Rf4 Rxd2 26. Nfxd2 c3 $19) 25... Rxd2 26. Nfxd2 Bxf6 27. Nxf6+ Kg7
28. Nfe4 {[%mdl 1024] The two knights without squares of support are a clumsy
pair in the battle against the rook. On top of all the other problems the
white king is far away from the center and the c4 pawn is weak.} (28. Nde4 Rxc4
29. g4 Ra4 $19) 28... f5 (28... Rd8 29. c5 Rd3 30. c6 Re3 31. g4 Re1+ 32. Kg2
Rc1 $17) 29. Nc3 (29. Ng5 e5 30. g3 h6 31. Nh3 Rc5 32. Kg2 Ra5 $19) 29... Rd8
30. Ncb1 (30. Ndb1 Rd4 31. Na3 Kf6 $17) 30... e5 31. Kg1 e4 32. Kf2 Kf6 33. Ke2
Ke5 34. Nb3 g5 35. Nc3 (35. N1d2 Rd3 36. g3 Rc3 $17) 35... h5 {The Black
pieces are so domineering, that White finds it difficult to arrange sufficient
defense against the advance of the pawns.} 36. Nd5 f4 37. Nb6 (37. Nd2 Rd6 (
37... Kd4 38. Nc7 Rd6 39. c5 Rc6 40. Nb3+ Ke5 41. Na8 $15) 38. a3 (38. Nc3 Rd3
39. Ndxe4 Re3+ 40. Kf2 Rxe4 41. Nxe4 Kxe4 $19) 38... Kd4 39. Ne7 Rb6 $17) 37...
h4 38. h3 (38. c5 g4 39. Nc4+ Kd5 40. Nb6+ Kc6 $17) 38... Rd3 39. c5 Re3+ 40.
Kf2 (40. Kd2 Rg3 $19) 40... Rc3 41. Na5 (41. Nd7+ Ke6 42. Nb6 Rc2+ 43. Kg1 Rxa2
$19) 41... Rc2+ 42. Kf1 f3 $1 {The knights are far away from the kingside, the
white king is completely helpless.} 43. gxf3 exf3 44. c6 g4 $1 45. c7 (45. hxg4
h3 46. Kg1 Kf4 47. Nb3 Kg3 $19) 45... Rxc7 46. Nac4+ Kd4 47. hxg4 h3 48. Nd2 (
48. Kg1 Kd3 49. Ne5+ Ke2 $19) 48... Rc1+ 49. Kf2 Rc2 0-1

[Event "Rubinstein Memorial 35th"]
[Site "Polanica Zdroj"]
[Date "1998.08.22"]
[Round "5"]
[White "Rublevsky, Sergei"]
[Black "Gelfand, Boris"]
[Result "0-1"]
[WhiteElo "2685"]
[BlackElo "2675"]
[Annotator "Gelfand/Huzman"]
[PlyCount "106"]
[EventDate "1998.08.17"]
[EventType "tourn"]
[EventRounds "11"]
[EventCountry "POL"]
[EventCategory "17"]
[SourceTitle "CBM 067"]
[Source "ChessBase"]
[SourceDate "1998.11.30"]
[SourceVersion "2"]
[SourceVersionDate "1998.11.01"]
[SourceQuality "1"]

1. e4 c5 2. Nf3 d6 3. Bb5+ Bd7 4. Bxd7+ Qxd7 5. c4 Nc6 6. Nc3 Nf6 7. O-O g6 8.
d4 cxd4 9. Nxd4 Bg7 10. Nde2 O-O 11. f3 a6 12. a4 Qd8 13. Be3 $5 $146 Qa5 14.
Kh1 Rfd8 $6 (14... Nd7 15. Rb1 $14 Nc5 (15... Nb4 16. Qd2) 16. Nd5) 15. Nd5 $1
(15. Qb3 Qb4) (15. b3 e6) 15... Nxd5 (15... Nd7 16. b4) 16. exd5 Ne5 17. b3 $1
(17. Qb3 Nd7) (17. Bd4 Qb4 18. b3 (18. Rc1 b5 (18... Bh6 19. f4 Nxc4 20. b3 Na5
(20... Nb6 21. Bc3 Qe4 22. Ba5 Nxd5 23. Ng3 $16) 21. Bc3 Qb6 22. Qd3 Rac8 23.
Qh3 $16) 19. axb5 axb5 20. Bc3 Qa4 21. b3 Qa6 $11) 18... b5 19. f4 Ng4 20. Bxg7
Kxg7 21. Qd4+ Nf6 22. cxb5 Qxd4 (22... Qxb3 23. b6 Qxd5 24. a5 $44) 23. Nxd4
Nxd5 $13) 17... Nd7 18. Bd4 (18. Rb1 b5 19. Nd4 Bxd4 20. Bxd4 bxc4 21. bxc4
Rac8 $13) 18... Nf6 (18... Bxd4 19. Nxd4 $16) 19. Qd3 (19. Bc3 $5 Qc7 20. a5
Re8 21. Bd4 $16) 19... Re8 (19... e6 20. dxe6 fxe6 21. Nf4 (21. Qe3 Re8 22. Bb6
(22. Rfd1 d5 $132) 22... Qh5 23. Rad1 d5 24. Nf4 Qh6 25. cxd5 g5 $132) 21...
Re8 22. Rfe1 (22. Rad1 Qc7) 22... e5 (22... Kf7) 23. Bc3 Qc5 24. Nh3 d5 (24...
b5 25. axb5 axb5 26. Rxa8 Rxa8 27. cxb5 Rb8 28. Qc4+ Nd5 29. Bxe5 $1 Qxc4 30.
bxc4 Bxe5 31. cxd5 Rxb5 32. Rd1 $18) 25. Bxe5 dxc4 26. Qxc4+ Qxc4 27. bxc4 Nd7
(27... Rac8) 28. Bxg7 Kxg7 $14) 20. Nc3 (20. Rfe1 e6 21. dxe6 Rxe6 $132 (21...
fxe6 22. Nf4 {-19...e6}) 22. Bc3 Qb6 23. Nd4 Rxe1+ 24. Rxe1 d5 25. Re7 Rc8) (
20. Rae1 Qb4 (20... e6 21. dxe6 Rxe6 22. Rd1)) (20. b4 $5 Qc7 21. a5 Rac8 22.
Rac1 e6 23. dxe6 fxe6 24. Rfd1 e5 25. Bb6 e4 26. fxe4 Nxe4 $14) 20... e6 21.
dxe6 fxe6 (21... Rxe6 22. f4 (22. Rad1 Rae8) 22... Qf5 23. Qxf5 gxf5 24. Rad1
Ng4 $132) 22. Rad1 (22. Ne4 Nxe4 23. fxe4 Be5 $11) 22... Rad8 23. Qe3 (23. Rfe1
Qb4 (23... d5 24. cxd5 Nxd5 25. Bxg7 Kxg7 26. Ne4 $16) 24. Na2 (24. Bxf6 Bxf6
25. Ne4 Be7) 24... Qa5 (24... Qa3 25. Qc2 d5 26. b4 $18) 25. Qe3 Rd7) (23. Ne4
Nxe4 24. Bxg7 Ng3+ (24... Nc5 25. Bc3) 25. hxg3 Qh5+ 26. Kg1 Kxg7 $11) 23...
Qb4 $1 24. Na2 (24. Rb1 d5) 24... Qa3 25. Qc3 (25. Rd2 d5 (25... e5 26. Bb6 (
26. Bb2 Qxa2 (26... Qc5 27. Qxc5 dxc5 28. Rxd8 Rxd8 29. Bxe5 $14 Nh5 30. Bxg7
Nxg7 31. Nc3 Rd3 32. Rc1 Ne6) 27. Ra1 Bh6 28. Qxh6 Qxb3) 26... Rd7 27. Ba5 Qc5
28. Qxc5 dxc5 29. Rxd7 Nxd7 30. Rd1 $14) 26. Bc5 Bh6 (26... d4 27. Qxe6+ Rxe6
28. Bxa3 $14) 27. f4 (27. Qd4 Qxb3 (27... e5 28. Bxa3 exd4 29. Rxd4 $11) 28.
Qxf6 Qxc4 (28... Bxd2 29. Bd4 e5 30. Bxe5 Rxe5 31. Qxd8+ Kf7)) 27... Ng4 28.
Qxe6+ Rxe6 29. Bxa3 Ne3 $132) 25... Qxa2 26. Rd2 (26. Rf2 $2 Ne4 27. fxe4 Qxf2)
(26. Ra1 Nd5 27. cxd5 Bxd4 28. Qxd4 Qxb3 29. Rab1 Qxd5 30. Qxd5 exd5 31. Rxb7
$11) (26. Bxf6 Bxf6 27. Qxf6 Qxb3 28. Rb1 (28. c5 d5) 28... Qxa4 29. Rxb7 Rd7)
26... Qa3 (26... Nd5 27. cxd5 Bxd4 28. Rxd4 Rc8 29. Rc4 $11) (26... Ne4 27.
fxe4 Bxd4 28. Rxd4 $11) 27. Ra1 Nd5 (27... Ne4 28. fxe4 Bxd4 29. Rxd4) 28. Qd3
(28. cxd5 Bxd4 29. Rxd4 Rc8 $15) 28... Nf4 29. Rxa3 Nxd3 30. Rxd3 d5 31. Bxg7 (
31. Bb6 $5 Rc8 32. c5 a5 33. Ra2 Bf8 34. Rc2 $11) 31... Kxg7 (31... dxc4 32.
bxc4 $11) 32. g3 (32. Kg1 a5 33. Kf2 $11) 32... a5 33. Kg2 $6 (33. cxd5 Rxd5
34. b4 axb4 35. Rxd5 exd5 (35... bxa3 36. Rd3 a2 37. Ra3 Ra8 38. Rxa2 b5 39. a5
$11) 36. Rb3 $11) 33... Kf6 34. cxd5 $2 $138 (34. Kf2 d4 35. b4 $11 (35. Ra2 e5
36. Re2 g5 37. Re4 Kf5 38. h4 h6)) 34... Rxd5 35. Rc3 (35. b4 axb4 36. Rxd5
bxa3 37. Rd3 Ra8 38. Rxa3 b5 39. a5 Ke5 $19) (35. Rxd5 exd5 36. b4 Re2+ 37. Kf1
Rb2 38. bxa5 d4 $17) 35... Rd2+ 36. Kh3 Red8 37. Ra1 R8d5 $1 (37... Rb2 38. f4
Rdd2 39. Rh1) 38. g4 Rb2 39. Re3 $2 (39. Rh1 g5 $17) (39. Kg3 Rdd2 40. h4 Rg2+
(40... e5 41. Rg1) 41. Kf4 Rbe2 42. g5+ (42. Re3 e5+ 43. Ke4 Rd2 44. Ree1 Rd4+
45. Ke3 h5) 42... Ke7 43. Re3 Rxe3 44. Kxe3 Rb2 45. Rc1 Rxb3+ 46. Ke4 Kd6 $17)
39... Rdd2 40. Rae1 (40. Rh1 g5 $19) 40... Rxh2+ 41. Kg3 Rbg2+ 42. Kf4 g5+ 43.
Ke4 Rd2 44. Rd3 (44. f4 Rd5) 44... Rxd3 45. Kxd3 h5 $1 $19 46. gxh5 Rxh5 47.
Kc4 Rh4+ (47... Rh3 $2 48. Kb5 Rxf3 49. Kxa5 g4 (49... Rxb3 50. Rxe6+ $11)) 48.
Kc5 Rb4 49. Re3 Kf5 50. Kd6 Kf4 51. Rc3 e5 52. Kd5 e4 53. fxe4 Rxe4 0-1